000 00771nam a22002537a 4500
005 20170123162302.0
010 _aB-209199
020 _c150.00
_a818946115
035 _aB-209199
037 _bCen Lib/Ret
040 _aDPL
_bUR
082 _a841
_bج و ن
100 _aجون ایلیاں
_9140030
245 _a / شاید
_cجون ایلیاں
246 _aShayad /
_bby Jaun Ailiya
260 _aدہلی
_bکتابی دنیا
_c2006
270 _aعربک اسکول. ترکمان گیٹ
_bدہلی
_e110006
300 _a312p.
_c22cm(Hb)
650 _aاردو ادب
_x
_z
_9140031
650 _aاردو شاعری
_v
_9140032
650 _aUrdu adab
_9140033
650 _aUrdu Shayari
_9140034
942 _2ddc
_cUR
_h841
_mج و ن
999 _c106055
_d106055